<?xml version="1.0" encoding="UTF-8"?>
<record
    xmlns:xsi="http://www.w3.org/2001/XMLSchema-instance"
    xsi:schemaLocation="http://www.loc.gov/MARC21/slim http://www.loc.gov/standards/marcxml/schema/MARC21slim.xsd"
    xmlns="http://www.loc.gov/MARC21/slim">

  <leader>01169nas a2200313 i 4500</leader>
  <controlfield tag="003">DO-SdUA</controlfield>
  <controlfield tag="005">20260430084836.0</controlfield>
  <controlfield tag="007">ta</controlfield>
  <controlfield tag="008">260428e1983    dr qn p|r|   ||   |0spa d</controlfield>
  <datafield tag="022" ind1=" " ind2=" ">
    <subfield code="a">0257-6457</subfield>
  </datafield>
  <datafield tag="035" ind1=" " ind2=" ">
    <subfield code="a">(DO-SdUA)44250</subfield>
  </datafield>
  <datafield tag="040" ind1=" " ind2=" ">
    <subfield code="a">DO-SdUA</subfield>
    <subfield code="b">spa</subfield>
    <subfield code="c">DO-SdUA</subfield>
    <subfield code="d">DO-SdBNP</subfield>
    <subfield code="e">rda</subfield>
  </datafield>
  <datafield tag="041" ind1="0" ind2=" ">
    <subfield code="a">spa</subfield>
  </datafield>
  <datafield tag="245" ind1="0" ind2="0">
    <subfield code="a">Cuadernos de po&#xE9;tica /</subfield>
    <subfield code="c">Colectivo de Estudios Po&#xE9;ticos.</subfield>
  </datafield>
  <datafield tag="264" ind1=" " ind2=" ">
    <subfield code="a">Santo Domingo, Rep&#xFA;blica Dominicana :</subfield>
    <subfield code="b">Colectivo de Estudios Po&#xE9;ticos,</subfield>
    <subfield code="c">1983-.</subfield>
  </datafield>
  <datafield tag="300" ind1=" " ind2=" ">
    <subfield code="a">volumen :</subfield>
    <subfield code="b">ilustraciones ; </subfield>
    <subfield code="c">23 cm.</subfield>
  </datafield>
  <datafield tag="310" ind1=" " ind2=" ">
    <subfield code="a">Trimestral. </subfield>
  </datafield>
  <datafield tag="336" ind1=" " ind2=" ">
    <subfield code="a">texto </subfield>
    <subfield code="b">txt </subfield>
    <subfield code="2">rdacontent</subfield>
  </datafield>
  <datafield tag="337" ind1=" " ind2=" ">
    <subfield code="a">sin mediaci&#xF3;n </subfield>
    <subfield code="b">n</subfield>
    <subfield code="2">rdamedia</subfield>
  </datafield>
  <datafield tag="338" ind1=" " ind2=" ">
    <subfield code="a">volumen </subfield>
    <subfield code="b">n </subfield>
    <subfield code="2">rdacarrier</subfield>
  </datafield>
  <datafield tag="362" ind1="0" ind2=" ">
    <subfield code="a">Inicio A&#xF1;o 1, No.1 (septiembre-diciembre 1983).</subfield>
  </datafield>
  <datafield tag="500" ind1=" " ind2=" ">
    <subfield code="a">Catalogaci&#xF3;n basada: A&#xF1;o 1, No.1 (septiembre-diciembre 1983).</subfield>
  </datafield>
  <datafield tag="500" ind1=" " ind2=" ">
    <subfield code="a">Este material cambia de formato a partir del a&#xF1;o 2018.</subfield>
  </datafield>
  <datafield tag="504" ind1=" " ind2=" ">
    <subfield code="a">Incluye referencias bibliogr&#xE1;ficas.</subfield>
  </datafield>
  <datafield tag="515" ind1=" " ind2=" ">
    <subfield code="a">Algunos n&#xFA;meros combinados.</subfield>
  </datafield>
  <datafield tag="650" ind1=" " ind2="7">
    <subfield code="a">Literatura</subfield>
    <subfield code="v">Publicaciones peri&#xF3;dicas </subfield>
    <subfield code="2">lemb</subfield>
    <subfield code="9">89424</subfield>
    <subfield code="z">Rep&#xFA;blica Dominicana</subfield>
  </datafield>
  <datafield tag="710" ind1="2" ind2=" ">
    <subfield code="a">Colectivo de Estudios Po&#xE9;ticos</subfield>
    <subfield code="9">89425</subfield>
  </datafield>
  <datafield tag="942" ind1=" " ind2=" ">
    <subfield code="2">ddc</subfield>
    <subfield code="c">ISSUE</subfield>
  </datafield>
  <datafield tag="952" ind1=" " ind2=" ">
    <subfield code="0">0</subfield>
    <subfield code="1">0</subfield>
    <subfield code="2">ddc</subfield>
    <subfield code="4">0</subfield>
    <subfield code="5">6</subfield>
    <subfield code="7">0</subfield>
    <subfield code="8">SE</subfield>
    <subfield code="a">BNPHU</subfield>
    <subfield code="b">BNPHU</subfield>
    <subfield code="c">RE</subfield>
    <subfield code="d">2026-04-28</subfield>
    <subfield code="h">A&#xF1;o 1, No.1 (septiembre-diciembre 1983)</subfield>
    <subfield code="l">0</subfield>
    <subfield code="p">2026-3349</subfield>
    <subfield code="r">2026-04-28</subfield>
    <subfield code="t">e.1</subfield>
    <subfield code="w">2026-04-28</subfield>
    <subfield code="y">ISSUE</subfield>
    <subfield code="z">Disponible para consulta en: Hemeroteca.</subfield>
  </datafield>
  <datafield tag="952" ind1=" " ind2=" ">
    <subfield code="0">0</subfield>
    <subfield code="1">0</subfield>
    <subfield code="2">ddc</subfield>
    <subfield code="4">0</subfield>
    <subfield code="5">6</subfield>
    <subfield code="7">0</subfield>
    <subfield code="8">SE</subfield>
    <subfield code="a">BNPHU</subfield>
    <subfield code="b">BNPHU</subfield>
    <subfield code="c">RE</subfield>
    <subfield code="d">2026-04-29</subfield>
    <subfield code="h">A&#xF1;o 1, No.1 (septiembre-diciembre 1983)</subfield>
    <subfield code="l">0</subfield>
    <subfield code="p">2026-3372</subfield>
    <subfield code="r">2026-04-29</subfield>
    <subfield code="t">e.2</subfield>
    <subfield code="w">2026-04-29</subfield>
    <subfield code="y">ISSUE</subfield>
  </datafield>
  <datafield tag="952" ind1=" " ind2=" ">
    <subfield code="0">0</subfield>
    <subfield code="1">0</subfield>
    <subfield code="2">ddc</subfield>
    <subfield code="4">0</subfield>
    <subfield code="5">6</subfield>
    <subfield code="7">0</subfield>
    <subfield code="8">SE</subfield>
    <subfield code="a">BNPHU</subfield>
    <subfield code="b">BNPHU</subfield>
    <subfield code="c">RE</subfield>
    <subfield code="d">2026-04-29</subfield>
    <subfield code="h">A&#xF1;o 1, No.2 (enero-abril 1984)</subfield>
    <subfield code="l">0</subfield>
    <subfield code="p">2026-3374</subfield>
    <subfield code="r">2026-04-29</subfield>
    <subfield code="t">e.1</subfield>
    <subfield code="w">2026-04-29</subfield>
    <subfield code="y">ISSUE</subfield>
  </datafield>
  <datafield tag="952" ind1=" " ind2=" ">
    <subfield code="0">0</subfield>
    <subfield code="1">0</subfield>
    <subfield code="2">ddc</subfield>
    <subfield code="4">0</subfield>
    <subfield code="5">6</subfield>
    <subfield code="7">0</subfield>
    <subfield code="8">SE</subfield>
    <subfield code="a">BNPHU</subfield>
    <subfield code="b">BNPHU</subfield>
    <subfield code="c">RE</subfield>
    <subfield code="d">2026-04-29</subfield>
    <subfield code="h">A&#xF1;o 1, No.2 (enero-abril 1984)</subfield>
    <subfield code="l">0</subfield>
    <subfield code="p">2026-3375</subfield>
    <subfield code="r">2026-04-29</subfield>
    <subfield code="t">e.3</subfield>
    <subfield code="w">2026-04-29</subfield>
    <subfield code="y">ISSUE</subfield>
  </datafield>
  <datafield tag="952" ind1=" " ind2=" ">
    <subfield code="0">0</subfield>
    <subfield code="1">0</subfield>
    <subfield code="2">ddc</subfield>
    <subfield code="4">0</subfield>
    <subfield code="5">6</subfield>
    <subfield code="7">0</subfield>
    <subfield code="8">SE</subfield>
    <subfield code="a">BNPHU</subfield>
    <subfield code="b">BNPHU</subfield>
    <subfield code="c">RE</subfield>
    <subfield code="d">2026-04-29</subfield>
    <subfield code="h">A&#xF1;o 1, No.2 (enero-abril 1984)</subfield>
    <subfield code="l">0</subfield>
    <subfield code="p">2026-3376</subfield>
    <subfield code="r">2026-04-29</subfield>
    <subfield code="t">e.4</subfield>
    <subfield code="w">2026-04-29</subfield>
    <subfield code="y">ISSUE</subfield>
  </datafield>
  <datafield tag="952" ind1=" " ind2=" ">
    <subfield code="0">0</subfield>
    <subfield code="1">0</subfield>
    <subfield code="2">ddc</subfield>
    <subfield code="4">0</subfield>
    <subfield code="5">6</subfield>
    <subfield code="7">0</subfield>
    <subfield code="8">SE</subfield>
    <subfield code="a">BNPHU</subfield>
    <subfield code="b">BNPHU</subfield>
    <subfield code="c">RE</subfield>
    <subfield code="d">2026-04-29</subfield>
    <subfield code="h">A&#xF1;o 1, No. 3 (mayo-agosto 1984)</subfield>
    <subfield code="l">0</subfield>
    <subfield code="p">2026-3377</subfield>
    <subfield code="r">2026-04-29</subfield>
    <subfield code="t">e.1</subfield>
    <subfield code="w">2026-04-29</subfield>
    <subfield code="y">ISSUE</subfield>
  </datafield>
  <datafield tag="952" ind1=" " ind2=" ">
    <subfield code="0">0</subfield>
    <subfield code="1">0</subfield>
    <subfield code="2">ddc</subfield>
    <subfield code="4">0</subfield>
    <subfield code="5">6</subfield>
    <subfield code="7">0</subfield>
    <subfield code="8">SE</subfield>
    <subfield code="a">BNPHU</subfield>
    <subfield code="b">BNPHU</subfield>
    <subfield code="c">RE</subfield>
    <subfield code="d">2026-04-29</subfield>
    <subfield code="h">A&#xF1;o 2, No. 4 (septiembre-diciembre 1984)</subfield>
    <subfield code="l">0</subfield>
    <subfield code="p">2026-3378</subfield>
    <subfield code="r">2026-04-29</subfield>
    <subfield code="t">e.1</subfield>
    <subfield code="w">2026-04-29</subfield>
    <subfield code="y">ISSUE</subfield>
  </datafield>
  <datafield tag="952" ind1=" " ind2=" ">
    <subfield code="0">0</subfield>
    <subfield code="1">0</subfield>
    <subfield code="2">ddc</subfield>
    <subfield code="4">0</subfield>
    <subfield code="5">6</subfield>
    <subfield code="7">0</subfield>
    <subfield code="8">SE</subfield>
    <subfield code="a">BNPHU</subfield>
    <subfield code="b">BNPHU</subfield>
    <subfield code="c">RE</subfield>
    <subfield code="d">2026-04-29</subfield>
    <subfield code="h">A&#xF1;o 2, No. 4 (septiembre-diciembre 1984)</subfield>
    <subfield code="l">0</subfield>
    <subfield code="p">2026-3379</subfield>
    <subfield code="r">2026-04-29</subfield>
    <subfield code="t">e.2</subfield>
    <subfield code="w">2026-04-29</subfield>
    <subfield code="y">ISSUE</subfield>
  </datafield>
  <datafield tag="952" ind1=" " ind2=" ">
    <subfield code="0">0</subfield>
    <subfield code="1">0</subfield>
    <subfield code="2">ddc</subfield>
    <subfield code="4">0</subfield>
    <subfield code="5">6</subfield>
    <subfield code="7">0</subfield>
    <subfield code="8">SE</subfield>
    <subfield code="a">BNPHU</subfield>
    <subfield code="b">BNPHU</subfield>
    <subfield code="c">RE</subfield>
    <subfield code="d">2026-04-29</subfield>
    <subfield code="h">A&#xF1;o 2, No. 4 (septiembre-diciembre 1984)</subfield>
    <subfield code="l">0</subfield>
    <subfield code="p">2026-3380</subfield>
    <subfield code="r">2026-04-29</subfield>
    <subfield code="t">e.3</subfield>
    <subfield code="w">2026-04-29</subfield>
    <subfield code="y">ISSUE</subfield>
  </datafield>
  <datafield tag="952" ind1=" " ind2=" ">
    <subfield code="0">0</subfield>
    <subfield code="1">0</subfield>
    <subfield code="2">ddc</subfield>
    <subfield code="4">0</subfield>
    <subfield code="5">6</subfield>
    <subfield code="7">0</subfield>
    <subfield code="8">SE</subfield>
    <subfield code="a">BNPHU</subfield>
    <subfield code="b">BNPHU</subfield>
    <subfield code="c">RE</subfield>
    <subfield code="d">2026-04-29</subfield>
    <subfield code="h">A&#xF1;o 2, No. 4 (septiembre-diciembre 1984)</subfield>
    <subfield code="l">0</subfield>
    <subfield code="p">2026-3381</subfield>
    <subfield code="r">2026-04-29</subfield>
    <subfield code="t">e.4</subfield>
    <subfield code="w">2026-04-29</subfield>
    <subfield code="y">ISSUE</subfield>
  </datafield>
  <datafield tag="952" ind1=" " ind2=" ">
    <subfield code="0">0</subfield>
    <subfield code="1">0</subfield>
    <subfield code="2">ddc</subfield>
    <subfield code="4">0</subfield>
    <subfield code="5">6</subfield>
    <subfield code="7">0</subfield>
    <subfield code="8">SE</subfield>
    <subfield code="a">BNPHU</subfield>
    <subfield code="b">BNPHU</subfield>
    <subfield code="c">RE</subfield>
    <subfield code="d">2026-04-29</subfield>
    <subfield code="h">A&#xF1;o 2, No. 5 (enero-abril 1985)</subfield>
    <subfield code="l">0</subfield>
    <subfield code="p">2026-3382</subfield>
    <subfield code="r">2026-04-29</subfield>
    <subfield code="t">e.1</subfield>
    <subfield code="w">2026-04-29</subfield>
    <subfield code="y">ISSUE</subfield>
  </datafield>
  <datafield tag="952" ind1=" " ind2=" ">
    <subfield code="0">0</subfield>
    <subfield code="1">0</subfield>
    <subfield code="2">ddc</subfield>
    <subfield code="4">0</subfield>
    <subfield code="5">6</subfield>
    <subfield code="7">0</subfield>
    <subfield code="8">SE</subfield>
    <subfield code="a">BNPHU</subfield>
    <subfield code="b">BNPHU</subfield>
    <subfield code="c">RE</subfield>
    <subfield code="d">2026-04-29</subfield>
    <subfield code="h">A&#xF1;o 2, No. 5 (enero-abril 1985)</subfield>
    <subfield code="l">0</subfield>
    <subfield code="p">2026-3383</subfield>
    <subfield code="r">2026-04-29</subfield>
    <subfield code="t">e.2</subfield>
    <subfield code="w">2026-04-29</subfield>
    <subfield code="y">ISSUE</subfield>
  </datafield>
  <datafield tag="952" ind1=" " ind2=" ">
    <subfield code="0">0</subfield>
    <subfield code="1">0</subfield>
    <subfield code="2">ddc</subfield>
    <subfield code="4">0</subfield>
    <subfield code="5">6</subfield>
    <subfield code="7">0</subfield>
    <subfield code="8">SE</subfield>
    <subfield code="a">BNPHU</subfield>
    <subfield code="b">BNPHU</subfield>
    <subfield code="c">RE</subfield>
    <subfield code="d">2026-04-29</subfield>
    <subfield code="h">A&#xF1;o 2, No. 5 (enero-abril 1985)</subfield>
    <subfield code="l">0</subfield>
    <subfield code="p">2026-3384</subfield>
    <subfield code="r">2026-04-29</subfield>
    <subfield code="t">e.3</subfield>
    <subfield code="w">2026-04-29</subfield>
    <subfield code="y">ISSUE</subfield>
  </datafield>
  <datafield tag="952" ind1=" " ind2=" ">
    <subfield code="0">0</subfield>
    <subfield code="1">0</subfield>
    <subfield code="2">ddc</subfield>
    <subfield code="4">0</subfield>
    <subfield code="5">6</subfield>
    <subfield code="7">0</subfield>
    <subfield code="8">SE</subfield>
    <subfield code="a">BNPHU</subfield>
    <subfield code="b">BNPHU</subfield>
    <subfield code="c">RE</subfield>
    <subfield code="d">2026-04-29</subfield>
    <subfield code="h">A&#xF1;o 2, No. 5 (enero-abril 1985)</subfield>
    <subfield code="l">0</subfield>
    <subfield code="p">2026-3385</subfield>
    <subfield code="r">2026-04-29</subfield>
    <subfield code="t">e.4</subfield>
    <subfield code="w">2026-04-29</subfield>
    <subfield code="y">ISSUE</subfield>
  </datafield>
  <datafield tag="952" ind1=" " ind2=" ">
    <subfield code="0">0</subfield>
    <subfield code="1">0</subfield>
    <subfield code="2">ddc</subfield>
    <subfield code="4">0</subfield>
    <subfield code="5">6</subfield>
    <subfield code="7">0</subfield>
    <subfield code="8">SE</subfield>
    <subfield code="a">BNPHU</subfield>
    <subfield code="b">BNPHU</subfield>
    <subfield code="c">RE</subfield>
    <subfield code="d">2026-04-29</subfield>
    <subfield code="h">A&#xF1;o 2, No. 5 (enero-abril 1985)</subfield>
    <subfield code="l">0</subfield>
    <subfield code="p">2026-3386</subfield>
    <subfield code="r">2026-04-29</subfield>
    <subfield code="t">e.5</subfield>
    <subfield code="w">2026-04-29</subfield>
    <subfield code="y">ISSUE</subfield>
  </datafield>
  <datafield tag="952" ind1=" " ind2=" ">
    <subfield code="0">0</subfield>
    <subfield code="1">0</subfield>
    <subfield code="2">ddc</subfield>
    <subfield code="4">0</subfield>
    <subfield code="5">6</subfield>
    <subfield code="7">0</subfield>
    <subfield code="8">SE</subfield>
    <subfield code="a">BNPHU</subfield>
    <subfield code="b">BNPHU</subfield>
    <subfield code="c">RE</subfield>
    <subfield code="d">2026-04-29</subfield>
    <subfield code="h">A&#xF1;o 2, No. 6 (mayo-agosto 1985)</subfield>
    <subfield code="l">0</subfield>
    <subfield code="p">2026-3387</subfield>
    <subfield code="r">2026-04-29</subfield>
    <subfield code="t">e.1</subfield>
    <subfield code="w">2026-04-29</subfield>
    <subfield code="y">ISSUE</subfield>
  </datafield>
  <datafield tag="952" ind1=" " ind2=" ">
    <subfield code="0">0</subfield>
    <subfield code="1">0</subfield>
    <subfield code="2">ddc</subfield>
    <subfield code="4">0</subfield>
    <subfield code="5">6</subfield>
    <subfield code="7">0</subfield>
    <subfield code="8">SE</subfield>
    <subfield code="a">BNPHU</subfield>
    <subfield code="b">BNPHU</subfield>
    <subfield code="c">RE</subfield>
    <subfield code="d">2026-04-29</subfield>
    <subfield code="h">A&#xF1;o 2, No. 6 (mayo-agosto 1985)</subfield>
    <subfield code="l">0</subfield>
    <subfield code="p">2026-3388</subfield>
    <subfield code="r">2026-04-29</subfield>
    <subfield code="t">e.2</subfield>
    <subfield code="w">2026-04-29</subfield>
    <subfield code="y">ISSUE</subfield>
  </datafield>
  <datafield tag="952" ind1=" " ind2=" ">
    <subfield code="0">0</subfield>
    <subfield code="1">0</subfield>
    <subfield code="2">ddc</subfield>
    <subfield code="4">0</subfield>
    <subfield code="5">6</subfield>
    <subfield code="7">0</subfield>
    <subfield code="8">SE</subfield>
    <subfield code="a">BNPHU</subfield>
    <subfield code="b">BNPHU</subfield>
    <subfield code="c">RE</subfield>
    <subfield code="d">2026-04-29</subfield>
    <subfield code="h">A&#xF1;o 2, No. 6 (mayo-agosto 1985)</subfield>
    <subfield code="l">0</subfield>
    <subfield code="p">2026-3389</subfield>
    <subfield code="r">2026-04-29</subfield>
    <subfield code="t">e.3</subfield>
    <subfield code="w">2026-04-29</subfield>
    <subfield code="y">ISSUE</subfield>
  </datafield>
  <datafield tag="952" ind1=" " ind2=" ">
    <subfield code="0">0</subfield>
    <subfield code="1">0</subfield>
    <subfield code="2">ddc</subfield>
    <subfield code="4">0</subfield>
    <subfield code="5">6</subfield>
    <subfield code="7">0</subfield>
    <subfield code="8">SE</subfield>
    <subfield code="a">BNPHU</subfield>
    <subfield code="b">BNPHU</subfield>
    <subfield code="c">RE</subfield>
    <subfield code="d">2026-04-29</subfield>
    <subfield code="h">A&#xF1;o 3, No. 7 (septiembre-diciembre 1985)</subfield>
    <subfield code="l">0</subfield>
    <subfield code="p">2026-3390</subfield>
    <subfield code="r">2026-04-29</subfield>
    <subfield code="t">e.1</subfield>
    <subfield code="w">2026-04-29</subfield>
    <subfield code="y">ISSUE</subfield>
  </datafield>
  <datafield tag="952" ind1=" " ind2=" ">
    <subfield code="0">0</subfield>
    <subfield code="1">0</subfield>
    <subfield code="2">ddc</subfield>
    <subfield code="4">0</subfield>
    <subfield code="5">6</subfield>
    <subfield code="7">0</subfield>
    <subfield code="8">SE</subfield>
    <subfield code="a">BNPHU</subfield>
    <subfield code="b">BNPHU</subfield>
    <subfield code="c">RE</subfield>
    <subfield code="d">2026-04-29</subfield>
    <subfield code="h">A&#xF1;o 3, No. 7 (septiembre-diciembre 1985)</subfield>
    <subfield code="l">0</subfield>
    <subfield code="p">2026-3391</subfield>
    <subfield code="r">2026-04-29</subfield>
    <subfield code="t">e.2</subfield>
    <subfield code="w">2026-04-29</subfield>
    <subfield code="y">ISSUE</subfield>
  </datafield>
  <datafield tag="952" ind1=" " ind2=" ">
    <subfield code="0">0</subfield>
    <subfield code="1">0</subfield>
    <subfield code="2">ddc</subfield>
    <subfield code="4">0</subfield>
    <subfield code="5">6</subfield>
    <subfield code="7">0</subfield>
    <subfield code="8">SE</subfield>
    <subfield code="a">BNPHU</subfield>
    <subfield code="b">BNPHU</subfield>
    <subfield code="c">RE</subfield>
    <subfield code="d">2026-04-29</subfield>
    <subfield code="h">A&#xF1;o 3, No. 7 (septiembre-diciembre 1985)</subfield>
    <subfield code="l">0</subfield>
    <subfield code="p">2026-3392</subfield>
    <subfield code="r">2026-04-29</subfield>
    <subfield code="t">e.3</subfield>
    <subfield code="w">2026-04-29</subfield>
    <subfield code="y">ISSUE</subfield>
  </datafield>
  <datafield tag="952" ind1=" " ind2=" ">
    <subfield code="0">0</subfield>
    <subfield code="1">0</subfield>
    <subfield code="2">ddc</subfield>
    <subfield code="4">0</subfield>
    <subfield code="5">6</subfield>
    <subfield code="7">0</subfield>
    <subfield code="8">SE</subfield>
    <subfield code="a">BNPHU</subfield>
    <subfield code="b">BNPHU</subfield>
    <subfield code="c">RE</subfield>
    <subfield code="d">2026-04-29</subfield>
    <subfield code="h">A&#xF1;o 3, No. 7 (septiembre-diciembre 1985)</subfield>
    <subfield code="l">0</subfield>
    <subfield code="p">2026-3393</subfield>
    <subfield code="r">2026-04-29</subfield>
    <subfield code="t">e.4</subfield>
    <subfield code="w">2026-04-29</subfield>
    <subfield code="y">ISSUE</subfield>
  </datafield>
  <datafield tag="952" ind1=" " ind2=" ">
    <subfield code="0">0</subfield>
    <subfield code="1">0</subfield>
    <subfield code="2">ddc</subfield>
    <subfield code="4">0</subfield>
    <subfield code="5">6</subfield>
    <subfield code="7">0</subfield>
    <subfield code="8">SE</subfield>
    <subfield code="a">BNPHU</subfield>
    <subfield code="b">BNPHU</subfield>
    <subfield code="c">RE</subfield>
    <subfield code="d">2026-04-29</subfield>
    <subfield code="h">A&#xF1;o 3, No. 7 (septiembre-diciembre 1985)</subfield>
    <subfield code="l">0</subfield>
    <subfield code="p">2026-3394</subfield>
    <subfield code="r">2026-04-29</subfield>
    <subfield code="t">e.5</subfield>
    <subfield code="w">2026-04-29</subfield>
    <subfield code="y">ISSUE</subfield>
  </datafield>
  <datafield tag="952" ind1=" " ind2=" ">
    <subfield code="0">0</subfield>
    <subfield code="1">0</subfield>
    <subfield code="2">ddc</subfield>
    <subfield code="4">0</subfield>
    <subfield code="5">6</subfield>
    <subfield code="7">0</subfield>
    <subfield code="8">SE</subfield>
    <subfield code="a">BNPHU</subfield>
    <subfield code="b">BNPHU</subfield>
    <subfield code="c">RE</subfield>
    <subfield code="d">2026-04-29</subfield>
    <subfield code="h">A&#xF1;o 3, No. 8 (enero-abril 1986)</subfield>
    <subfield code="l">0</subfield>
    <subfield code="p">2026-3395</subfield>
    <subfield code="r">2026-04-29</subfield>
    <subfield code="t">e.1</subfield>
    <subfield code="w">2026-04-29</subfield>
    <subfield code="y">ISSUE</subfield>
  </datafield>
  <datafield tag="952" ind1=" " ind2=" ">
    <subfield code="0">0</subfield>
    <subfield code="1">0</subfield>
    <subfield code="2">ddc</subfield>
    <subfield code="4">0</subfield>
    <subfield code="5">6</subfield>
    <subfield code="7">0</subfield>
    <subfield code="8">SE</subfield>
    <subfield code="a">BNPHU</subfield>
    <subfield code="b">BNPHU</subfield>
    <subfield code="c">RE</subfield>
    <subfield code="d">2026-04-29</subfield>
    <subfield code="h">A&#xF1;o 3, No. 8 (enero-abril 1986)</subfield>
    <subfield code="l">0</subfield>
    <subfield code="p">2026-3396</subfield>
    <subfield code="r">2026-04-29</subfield>
    <subfield code="t">e.2</subfield>
    <subfield code="w">2026-04-29</subfield>
    <subfield code="y">ISSUE</subfield>
  </datafield>
  <datafield tag="952" ind1=" " ind2=" ">
    <subfield code="0">0</subfield>
    <subfield code="1">0</subfield>
    <subfield code="2">ddc</subfield>
    <subfield code="4">0</subfield>
    <subfield code="5">6</subfield>
    <subfield code="7">0</subfield>
    <subfield code="8">SE</subfield>
    <subfield code="a">BNPHU</subfield>
    <subfield code="b">BNPHU</subfield>
    <subfield code="c">RE</subfield>
    <subfield code="d">2026-04-29</subfield>
    <subfield code="h">A&#xF1;o 3, No. 8 (enero-abril 1986)</subfield>
    <subfield code="l">0</subfield>
    <subfield code="p">2026-3397</subfield>
    <subfield code="r">2026-04-29</subfield>
    <subfield code="t">e.3</subfield>
    <subfield code="w">2026-04-29</subfield>
    <subfield code="y">ISSUE</subfield>
  </datafield>
  <datafield tag="952" ind1=" " ind2=" ">
    <subfield code="0">0</subfield>
    <subfield code="1">0</subfield>
    <subfield code="2">ddc</subfield>
    <subfield code="4">0</subfield>
    <subfield code="5">6</subfield>
    <subfield code="7">0</subfield>
    <subfield code="8">SE</subfield>
    <subfield code="a">BNPHU</subfield>
    <subfield code="b">BNPHU</subfield>
    <subfield code="c">RE</subfield>
    <subfield code="d">2026-04-29</subfield>
    <subfield code="h">A&#xF1;o 3, No. 8 (enero-abril 1986)</subfield>
    <subfield code="l">0</subfield>
    <subfield code="p">2026-3398</subfield>
    <subfield code="r">2026-04-29</subfield>
    <subfield code="t">e.4</subfield>
    <subfield code="w">2026-04-29</subfield>
    <subfield code="y">ISSUE</subfield>
  </datafield>
  <datafield tag="952" ind1=" " ind2=" ">
    <subfield code="0">0</subfield>
    <subfield code="1">0</subfield>
    <subfield code="2">ddc</subfield>
    <subfield code="4">0</subfield>
    <subfield code="5">6</subfield>
    <subfield code="7">0</subfield>
    <subfield code="8">SE</subfield>
    <subfield code="a">BNPHU</subfield>
    <subfield code="b">BNPHU</subfield>
    <subfield code="c">RE</subfield>
    <subfield code="d">2026-04-29</subfield>
    <subfield code="h">A&#xF1;o 3, No. 9 (mayo-agosto 1986)</subfield>
    <subfield code="l">0</subfield>
    <subfield code="p">2026-3399</subfield>
    <subfield code="r">2026-04-29</subfield>
    <subfield code="t">e.1</subfield>
    <subfield code="w">2026-04-29</subfield>
    <subfield code="y">ISSUE</subfield>
  </datafield>
  <datafield tag="952" ind1=" " ind2=" ">
    <subfield code="0">0</subfield>
    <subfield code="1">0</subfield>
    <subfield code="2">ddc</subfield>
    <subfield code="4">0</subfield>
    <subfield code="5">6</subfield>
    <subfield code="7">0</subfield>
    <subfield code="8">SE</subfield>
    <subfield code="a">BNPHU</subfield>
    <subfield code="b">BNPHU</subfield>
    <subfield code="c">RE</subfield>
    <subfield code="d">2026-04-29</subfield>
    <subfield code="h">A&#xF1;o 3, No. 9 (mayo-agosto 1986)</subfield>
    <subfield code="l">0</subfield>
    <subfield code="p">2026-3400</subfield>
    <subfield code="r">2026-04-29</subfield>
    <subfield code="t">e.2</subfield>
    <subfield code="w">2026-04-29</subfield>
    <subfield code="y">ISSUE</subfield>
  </datafield>
  <datafield tag="952" ind1=" " ind2=" ">
    <subfield code="0">0</subfield>
    <subfield code="1">0</subfield>
    <subfield code="2">ddc</subfield>
    <subfield code="4">0</subfield>
    <subfield code="5">6</subfield>
    <subfield code="7">0</subfield>
    <subfield code="8">SE</subfield>
    <subfield code="a">BNPHU</subfield>
    <subfield code="b">BNPHU</subfield>
    <subfield code="c">RE</subfield>
    <subfield code="d">2026-04-29</subfield>
    <subfield code="h">A&#xF1;o 3, No. 9 (mayo-agosto 1986)</subfield>
    <subfield code="l">0</subfield>
    <subfield code="p">2026-3401</subfield>
    <subfield code="r">2026-04-29</subfield>
    <subfield code="t">e.3</subfield>
    <subfield code="w">2026-04-29</subfield>
    <subfield code="y">ISSUE</subfield>
  </datafield>
  <datafield tag="952" ind1=" " ind2=" ">
    <subfield code="0">0</subfield>
    <subfield code="1">0</subfield>
    <subfield code="2">ddc</subfield>
    <subfield code="4">0</subfield>
    <subfield code="5">6</subfield>
    <subfield code="7">0</subfield>
    <subfield code="8">SE</subfield>
    <subfield code="a">BNPHU</subfield>
    <subfield code="b">BNPHU</subfield>
    <subfield code="c">RE</subfield>
    <subfield code="d">2026-04-29</subfield>
    <subfield code="h">A&#xF1;o 3, No. 9 (mayo-agosto 1986)</subfield>
    <subfield code="l">0</subfield>
    <subfield code="p">2026-3402</subfield>
    <subfield code="r">2026-04-29</subfield>
    <subfield code="t">e.4</subfield>
    <subfield code="w">2026-04-29</subfield>
    <subfield code="y">ISSUE</subfield>
  </datafield>
  <datafield tag="952" ind1=" " ind2=" ">
    <subfield code="0">0</subfield>
    <subfield code="1">0</subfield>
    <subfield code="2">ddc</subfield>
    <subfield code="4">0</subfield>
    <subfield code="5">6</subfield>
    <subfield code="7">0</subfield>
    <subfield code="8">SE</subfield>
    <subfield code="a">BNPHU</subfield>
    <subfield code="b">BNPHU</subfield>
    <subfield code="c">RE</subfield>
    <subfield code="d">2026-04-29</subfield>
    <subfield code="h">A&#xF1;o 3, No. 9 (mayo-agosto 1986)</subfield>
    <subfield code="l">0</subfield>
    <subfield code="p">2026-3403</subfield>
    <subfield code="r">2026-04-29</subfield>
    <subfield code="t">e.5</subfield>
    <subfield code="w">2026-04-29</subfield>
    <subfield code="y">ISSUE</subfield>
  </datafield>
  <datafield tag="952" ind1=" " ind2=" ">
    <subfield code="0">0</subfield>
    <subfield code="1">0</subfield>
    <subfield code="2">ddc</subfield>
    <subfield code="4">0</subfield>
    <subfield code="5">6</subfield>
    <subfield code="7">0</subfield>
    <subfield code="8">SE</subfield>
    <subfield code="a">BNPHU</subfield>
    <subfield code="b">BNPHU</subfield>
    <subfield code="c">RE</subfield>
    <subfield code="d">2026-04-29</subfield>
    <subfield code="h">A&#xF1;o 4, No. 10 (septiembre-diciembre 1986)</subfield>
    <subfield code="l">0</subfield>
    <subfield code="p">2026-3404</subfield>
    <subfield code="r">2026-04-29</subfield>
    <subfield code="t">e.1</subfield>
    <subfield code="w">2026-04-29</subfield>
    <subfield code="y">ISSUE</subfield>
  </datafield>
  <datafield tag="952" ind1=" " ind2=" ">
    <subfield code="0">0</subfield>
    <subfield code="1">0</subfield>
    <subfield code="2">ddc</subfield>
    <subfield code="4">0</subfield>
    <subfield code="5">6</subfield>
    <subfield code="7">0</subfield>
    <subfield code="8">SE</subfield>
    <subfield code="a">BNPHU</subfield>
    <subfield code="b">BNPHU</subfield>
    <subfield code="c">RE</subfield>
    <subfield code="d">2026-04-29</subfield>
    <subfield code="h">A&#xF1;o 4, No. 10 (septiembre-diciembre 1986)</subfield>
    <subfield code="l">0</subfield>
    <subfield code="p">2026-3405</subfield>
    <subfield code="r">2026-04-29</subfield>
    <subfield code="t">e.2</subfield>
    <subfield code="w">2026-04-29</subfield>
    <subfield code="y">ISSUE</subfield>
  </datafield>
  <datafield tag="952" ind1=" " ind2=" ">
    <subfield code="0">0</subfield>
    <subfield code="1">0</subfield>
    <subfield code="2">ddc</subfield>
    <subfield code="4">0</subfield>
    <subfield code="5">6</subfield>
    <subfield code="7">0</subfield>
    <subfield code="8">SE</subfield>
    <subfield code="a">BNPHU</subfield>
    <subfield code="b">BNPHU</subfield>
    <subfield code="c">RE</subfield>
    <subfield code="d">2026-04-29</subfield>
    <subfield code="h">A&#xF1;o 4, No. 10 (septiembre-diciembre 1986)</subfield>
    <subfield code="l">0</subfield>
    <subfield code="p">2026-3406</subfield>
    <subfield code="r">2026-04-29</subfield>
    <subfield code="t">e.3</subfield>
    <subfield code="w">2026-04-29</subfield>
    <subfield code="y">ISSUE</subfield>
  </datafield>
  <datafield tag="952" ind1=" " ind2=" ">
    <subfield code="0">0</subfield>
    <subfield code="1">0</subfield>
    <subfield code="2">ddc</subfield>
    <subfield code="4">0</subfield>
    <subfield code="5">6</subfield>
    <subfield code="7">0</subfield>
    <subfield code="8">SE</subfield>
    <subfield code="a">BNPHU</subfield>
    <subfield code="b">BNPHU</subfield>
    <subfield code="c">RE</subfield>
    <subfield code="d">2026-04-29</subfield>
    <subfield code="h">A&#xF1;o 4, No. 10 (septiembre-diciembre 1986)</subfield>
    <subfield code="l">0</subfield>
    <subfield code="p">2026-3407</subfield>
    <subfield code="r">2026-04-29</subfield>
    <subfield code="t">e.4</subfield>
    <subfield code="w">2026-04-29</subfield>
    <subfield code="y">ISSUE</subfield>
  </datafield>
  <datafield tag="952" ind1=" " ind2=" ">
    <subfield code="0">0</subfield>
    <subfield code="1">0</subfield>
    <subfield code="2">ddc</subfield>
    <subfield code="4">0</subfield>
    <subfield code="5">6</subfield>
    <subfield code="7">0</subfield>
    <subfield code="8">SE</subfield>
    <subfield code="a">BNPHU</subfield>
    <subfield code="b">BNPHU</subfield>
    <subfield code="c">RE</subfield>
    <subfield code="d">2026-04-29</subfield>
    <subfield code="h">A&#xF1;o 4, No. 11 (enero-abril 1987)</subfield>
    <subfield code="l">0</subfield>
    <subfield code="p">2026-3408</subfield>
    <subfield code="r">2026-04-29</subfield>
    <subfield code="t">e.1</subfield>
    <subfield code="w">2026-04-29</subfield>
    <subfield code="y">ISSUE</subfield>
  </datafield>
  <datafield tag="952" ind1=" " ind2=" ">
    <subfield code="0">0</subfield>
    <subfield code="1">0</subfield>
    <subfield code="2">ddc</subfield>
    <subfield code="4">0</subfield>
    <subfield code="5">6</subfield>
    <subfield code="7">0</subfield>
    <subfield code="8">SE</subfield>
    <subfield code="a">BNPHU</subfield>
    <subfield code="b">BNPHU</subfield>
    <subfield code="c">RE</subfield>
    <subfield code="d">2026-04-29</subfield>
    <subfield code="h">A&#xF1;o 4, No. 11 (enero-abril 1987)</subfield>
    <subfield code="l">0</subfield>
    <subfield code="p">2026-3409</subfield>
    <subfield code="r">2026-04-29</subfield>
    <subfield code="t">e.2</subfield>
    <subfield code="w">2026-04-29</subfield>
    <subfield code="y">ISSUE</subfield>
  </datafield>
  <datafield tag="952" ind1=" " ind2=" ">
    <subfield code="0">0</subfield>
    <subfield code="1">0</subfield>
    <subfield code="2">ddc</subfield>
    <subfield code="4">0</subfield>
    <subfield code="5">6</subfield>
    <subfield code="7">0</subfield>
    <subfield code="8">SE</subfield>
    <subfield code="a">BNPHU</subfield>
    <subfield code="b">BNPHU</subfield>
    <subfield code="c">RE</subfield>
    <subfield code="d">2026-04-29</subfield>
    <subfield code="h">A&#xF1;o 4, No. 11 (enero-abril 1987)</subfield>
    <subfield code="l">0</subfield>
    <subfield code="p">2026-3410</subfield>
    <subfield code="r">2026-04-29</subfield>
    <subfield code="t">e.3</subfield>
    <subfield code="w">2026-04-29</subfield>
    <subfield code="y">ISSUE</subfield>
  </datafield>
  <datafield tag="952" ind1=" " ind2=" ">
    <subfield code="0">0</subfield>
    <subfield code="1">0</subfield>
    <subfield code="2">ddc</subfield>
    <subfield code="4">0</subfield>
    <subfield code="5">6</subfield>
    <subfield code="7">0</subfield>
    <subfield code="8">SE</subfield>
    <subfield code="a">BNPHU</subfield>
    <subfield code="b">BNPHU</subfield>
    <subfield code="c">RE</subfield>
    <subfield code="d">2026-04-29</subfield>
    <subfield code="h">A&#xF1;o 4, No. 11 (enero-abril 1987)</subfield>
    <subfield code="l">0</subfield>
    <subfield code="p">2026-3411</subfield>
    <subfield code="r">2026-04-29</subfield>
    <subfield code="t">e.4</subfield>
    <subfield code="w">2026-04-29</subfield>
    <subfield code="y">ISSUE</subfield>
  </datafield>
  <datafield tag="952" ind1=" " ind2=" ">
    <subfield code="0">0</subfield>
    <subfield code="1">0</subfield>
    <subfield code="2">ddc</subfield>
    <subfield code="4">0</subfield>
    <subfield code="5">6</subfield>
    <subfield code="7">0</subfield>
    <subfield code="8">SE</subfield>
    <subfield code="a">BNPHU</subfield>
    <subfield code="b">BNPHU</subfield>
    <subfield code="c">RE</subfield>
    <subfield code="d">2026-04-29</subfield>
    <subfield code="h">A&#xF1;o 4, No. 12 (mayo-agosto 1987)</subfield>
    <subfield code="l">0</subfield>
    <subfield code="p">2026-3412</subfield>
    <subfield code="r">2026-04-29</subfield>
    <subfield code="t">e.1</subfield>
    <subfield code="w">2026-04-29</subfield>
    <subfield code="y">ISSUE</subfield>
  </datafield>
  <datafield tag="952" ind1=" " ind2=" ">
    <subfield code="0">0</subfield>
    <subfield code="1">0</subfield>
    <subfield code="2">ddc</subfield>
    <subfield code="4">0</subfield>
    <subfield code="5">6</subfield>
    <subfield code="7">0</subfield>
    <subfield code="8">SE</subfield>
    <subfield code="a">BNPHU</subfield>
    <subfield code="b">BNPHU</subfield>
    <subfield code="c">RE</subfield>
    <subfield code="d">2026-04-29</subfield>
    <subfield code="h">A&#xF1;o 4, No. 12 (mayo-agosto 1987)</subfield>
    <subfield code="l">0</subfield>
    <subfield code="p">2026-3413</subfield>
    <subfield code="r">2026-04-29</subfield>
    <subfield code="t">e.2</subfield>
    <subfield code="w">2026-04-29</subfield>
    <subfield code="y">ISSUE</subfield>
  </datafield>
  <datafield tag="952" ind1=" " ind2=" ">
    <subfield code="0">0</subfield>
    <subfield code="1">0</subfield>
    <subfield code="2">ddc</subfield>
    <subfield code="4">0</subfield>
    <subfield code="5">6</subfield>
    <subfield code="7">0</subfield>
    <subfield code="8">SE</subfield>
    <subfield code="a">BNPHU</subfield>
    <subfield code="b">BNPHU</subfield>
    <subfield code="c">RE</subfield>
    <subfield code="d">2026-04-29</subfield>
    <subfield code="h">A&#xF1;o 4, No. 12 (mayo-agosto 1987)</subfield>
    <subfield code="l">0</subfield>
    <subfield code="p">2026-3414</subfield>
    <subfield code="r">2026-04-29</subfield>
    <subfield code="t">e.3</subfield>
    <subfield code="w">2026-04-29</subfield>
    <subfield code="y">ISSUE</subfield>
  </datafield>
  <datafield tag="952" ind1=" " ind2=" ">
    <subfield code="0">0</subfield>
    <subfield code="1">0</subfield>
    <subfield code="2">ddc</subfield>
    <subfield code="4">0</subfield>
    <subfield code="5">6</subfield>
    <subfield code="7">0</subfield>
    <subfield code="8">SE</subfield>
    <subfield code="a">BNPHU</subfield>
    <subfield code="b">BNPHU</subfield>
    <subfield code="c">RE</subfield>
    <subfield code="d">2026-04-29</subfield>
    <subfield code="h">A&#xF1;o 4, No. 12 (mayo-agosto 1987)</subfield>
    <subfield code="l">0</subfield>
    <subfield code="p">2026-3415</subfield>
    <subfield code="r">2026-04-29</subfield>
    <subfield code="t">e.4</subfield>
    <subfield code="w">2026-04-29</subfield>
    <subfield code="y">ISSUE</subfield>
  </datafield>
  <datafield tag="952" ind1=" " ind2=" ">
    <subfield code="0">0</subfield>
    <subfield code="1">0</subfield>
    <subfield code="2">ddc</subfield>
    <subfield code="4">0</subfield>
    <subfield code="5">6</subfield>
    <subfield code="7">0</subfield>
    <subfield code="8">SE</subfield>
    <subfield code="a">BNPHU</subfield>
    <subfield code="b">BNPHU</subfield>
    <subfield code="c">RE</subfield>
    <subfield code="d">2026-04-29</subfield>
    <subfield code="h">A&#xF1;o 4, No. 12 (mayo-agosto 1987)</subfield>
    <subfield code="l">0</subfield>
    <subfield code="p">2026-3416</subfield>
    <subfield code="r">2026-04-29</subfield>
    <subfield code="t">e.5</subfield>
    <subfield code="w">2026-04-29</subfield>
    <subfield code="y">ISSUE</subfield>
  </datafield>
  <datafield tag="952" ind1=" " ind2=" ">
    <subfield code="0">0</subfield>
    <subfield code="1">0</subfield>
    <subfield code="2">ddc</subfield>
    <subfield code="4">0</subfield>
    <subfield code="5">6</subfield>
    <subfield code="7">0</subfield>
    <subfield code="8">SE</subfield>
    <subfield code="a">BNPHU</subfield>
    <subfield code="b">BNPHU</subfield>
    <subfield code="c">RE</subfield>
    <subfield code="d">2026-04-29</subfield>
    <subfield code="h">A&#xF1;o 5, No. 13 (septiembre-diciembre 1987)</subfield>
    <subfield code="l">0</subfield>
    <subfield code="p">2026-3417</subfield>
    <subfield code="r">2026-04-29</subfield>
    <subfield code="t">e.1</subfield>
    <subfield code="w">2026-04-29</subfield>
    <subfield code="y">ISSUE</subfield>
  </datafield>
  <datafield tag="952" ind1=" " ind2=" ">
    <subfield code="0">0</subfield>
    <subfield code="1">0</subfield>
    <subfield code="2">ddc</subfield>
    <subfield code="4">0</subfield>
    <subfield code="5">6</subfield>
    <subfield code="7">0</subfield>
    <subfield code="8">SE</subfield>
    <subfield code="a">BNPHU</subfield>
    <subfield code="b">BNPHU</subfield>
    <subfield code="c">RE</subfield>
    <subfield code="d">2026-04-29</subfield>
    <subfield code="h">A&#xF1;o 5, No. 13 (septiembre-diciembre 1987)</subfield>
    <subfield code="l">0</subfield>
    <subfield code="p">2026-3421</subfield>
    <subfield code="r">2026-04-29</subfield>
    <subfield code="t">e.2</subfield>
    <subfield code="w">2026-04-29</subfield>
    <subfield code="y">ISSUE</subfield>
  </datafield>
  <datafield tag="952" ind1=" " ind2=" ">
    <subfield code="0">0</subfield>
    <subfield code="1">0</subfield>
    <subfield code="2">ddc</subfield>
    <subfield code="4">0</subfield>
    <subfield code="5">6</subfield>
    <subfield code="7">0</subfield>
    <subfield code="8">SE</subfield>
    <subfield code="a">BNPHU</subfield>
    <subfield code="b">BNPHU</subfield>
    <subfield code="c">RE</subfield>
    <subfield code="d">2026-04-29</subfield>
    <subfield code="h">A&#xF1;o 5, No. 13 (septiembre-diciembre 1987)</subfield>
    <subfield code="l">0</subfield>
    <subfield code="p">2026-3422</subfield>
    <subfield code="r">2026-04-29</subfield>
    <subfield code="t">e.3</subfield>
    <subfield code="w">2026-04-29</subfield>
    <subfield code="y">ISSUE</subfield>
  </datafield>
  <datafield tag="952" ind1=" " ind2=" ">
    <subfield code="0">0</subfield>
    <subfield code="1">0</subfield>
    <subfield code="2">ddc</subfield>
    <subfield code="4">0</subfield>
    <subfield code="5">6</subfield>
    <subfield code="7">0</subfield>
    <subfield code="8">SE</subfield>
    <subfield code="a">BNPHU</subfield>
    <subfield code="b">BNPHU</subfield>
    <subfield code="c">RE</subfield>
    <subfield code="d">2026-04-29</subfield>
    <subfield code="h">A&#xF1;o 5, No. 14 (enero-abril 1988)</subfield>
    <subfield code="l">0</subfield>
    <subfield code="p">2026-3424</subfield>
    <subfield code="r">2026-04-29</subfield>
    <subfield code="t">e.1</subfield>
    <subfield code="w">2026-04-29</subfield>
    <subfield code="y">ISSUE</subfield>
  </datafield>
  <datafield tag="952" ind1=" " ind2=" ">
    <subfield code="0">0</subfield>
    <subfield code="1">0</subfield>
    <subfield code="2">ddc</subfield>
    <subfield code="4">0</subfield>
    <subfield code="5">6</subfield>
    <subfield code="7">0</subfield>
    <subfield code="8">SE</subfield>
    <subfield code="a">BNPHU</subfield>
    <subfield code="b">BNPHU</subfield>
    <subfield code="c">RE</subfield>
    <subfield code="d">2026-04-29</subfield>
    <subfield code="h">A&#xF1;o 5, No. 15 (mayo-agosto 1988)</subfield>
    <subfield code="l">0</subfield>
    <subfield code="p">2026-3425</subfield>
    <subfield code="r">2026-04-29</subfield>
    <subfield code="t">e.1</subfield>
    <subfield code="w">2026-04-29</subfield>
    <subfield code="y">ISSUE</subfield>
  </datafield>
  <datafield tag="952" ind1=" " ind2=" ">
    <subfield code="0">0</subfield>
    <subfield code="1">0</subfield>
    <subfield code="2">ddc</subfield>
    <subfield code="4">0</subfield>
    <subfield code="5">6</subfield>
    <subfield code="7">0</subfield>
    <subfield code="8">SE</subfield>
    <subfield code="a">BNPHU</subfield>
    <subfield code="b">BNPHU</subfield>
    <subfield code="c">RE</subfield>
    <subfield code="d">2026-04-29</subfield>
    <subfield code="h">A&#xF1;o 5, No. 15 (mayo-agosto 1988)</subfield>
    <subfield code="l">0</subfield>
    <subfield code="p">2026-3426</subfield>
    <subfield code="r">2026-04-29</subfield>
    <subfield code="t">e.2</subfield>
    <subfield code="w">2026-04-29</subfield>
    <subfield code="y">ISSUE</subfield>
  </datafield>
  <datafield tag="952" ind1=" " ind2=" ">
    <subfield code="0">0</subfield>
    <subfield code="1">0</subfield>
    <subfield code="2">ddc</subfield>
    <subfield code="4">0</subfield>
    <subfield code="5">6</subfield>
    <subfield code="7">0</subfield>
    <subfield code="8">SE</subfield>
    <subfield code="a">BNPHU</subfield>
    <subfield code="b">BNPHU</subfield>
    <subfield code="c">RE</subfield>
    <subfield code="d">2026-04-29</subfield>
    <subfield code="h">A&#xF1;o 5, No. 15 (mayo-agosto 1988)</subfield>
    <subfield code="l">0</subfield>
    <subfield code="p">2026-3427</subfield>
    <subfield code="r">2026-04-29</subfield>
    <subfield code="t">e.3</subfield>
    <subfield code="w">2026-04-29</subfield>
    <subfield code="y">ISSUE</subfield>
  </datafield>
  <datafield tag="952" ind1=" " ind2=" ">
    <subfield code="0">0</subfield>
    <subfield code="1">0</subfield>
    <subfield code="2">ddc</subfield>
    <subfield code="4">0</subfield>
    <subfield code="5">6</subfield>
    <subfield code="7">0</subfield>
    <subfield code="8">SE</subfield>
    <subfield code="a">BNPHU</subfield>
    <subfield code="b">BNPHU</subfield>
    <subfield code="c">RE</subfield>
    <subfield code="d">2026-04-29</subfield>
    <subfield code="h">A&#xF1;o 5, No. 15 (mayo-agosto 1988)</subfield>
    <subfield code="l">0</subfield>
    <subfield code="p">2026-3428</subfield>
    <subfield code="r">2026-04-29</subfield>
    <subfield code="t">e.4</subfield>
    <subfield code="w">2026-04-29</subfield>
    <subfield code="y">ISSUE</subfield>
  </datafield>
  <datafield tag="952" ind1=" " ind2=" ">
    <subfield code="0">0</subfield>
    <subfield code="1">0</subfield>
    <subfield code="2">ddc</subfield>
    <subfield code="4">0</subfield>
    <subfield code="5">6</subfield>
    <subfield code="7">0</subfield>
    <subfield code="8">SE</subfield>
    <subfield code="a">BNPHU</subfield>
    <subfield code="b">BNPHU</subfield>
    <subfield code="c">RE</subfield>
    <subfield code="d">2026-04-29</subfield>
    <subfield code="h">A&#xF1;o 5, No. 15 (mayo-agosto 1988)</subfield>
    <subfield code="l">0</subfield>
    <subfield code="p">2026-3429</subfield>
    <subfield code="r">2026-04-29</subfield>
    <subfield code="t">e.5</subfield>
    <subfield code="w">2026-04-29</subfield>
    <subfield code="y">ISSUE</subfield>
  </datafield>
  <datafield tag="952" ind1=" " ind2=" ">
    <subfield code="0">0</subfield>
    <subfield code="1">0</subfield>
    <subfield code="2">ddc</subfield>
    <subfield code="4">0</subfield>
    <subfield code="5">6</subfield>
    <subfield code="7">0</subfield>
    <subfield code="8">SE</subfield>
    <subfield code="a">BNPHU</subfield>
    <subfield code="b">BNPHU</subfield>
    <subfield code="c">RE</subfield>
    <subfield code="d">2026-04-29</subfield>
    <subfield code="h">A&#xF1;o 6, No. 16 (septiembre-diciembre 1988)</subfield>
    <subfield code="l">0</subfield>
    <subfield code="p">2026-3430</subfield>
    <subfield code="r">2026-04-29</subfield>
    <subfield code="t">e.1</subfield>
    <subfield code="w">2026-04-29</subfield>
    <subfield code="y">ISSUE</subfield>
  </datafield>
  <datafield tag="952" ind1=" " ind2=" ">
    <subfield code="0">0</subfield>
    <subfield code="1">0</subfield>
    <subfield code="2">ddc</subfield>
    <subfield code="4">0</subfield>
    <subfield code="5">6</subfield>
    <subfield code="7">0</subfield>
    <subfield code="8">SE</subfield>
    <subfield code="a">BNPHU</subfield>
    <subfield code="b">BNPHU</subfield>
    <subfield code="c">RE</subfield>
    <subfield code="d">2026-04-29</subfield>
    <subfield code="h">A&#xF1;o 6, No. 16 (septiembre-diciembre 1988)</subfield>
    <subfield code="l">0</subfield>
    <subfield code="p">2026-3431</subfield>
    <subfield code="r">2026-04-29</subfield>
    <subfield code="t">e.2</subfield>
    <subfield code="w">2026-04-29</subfield>
    <subfield code="y">ISSUE</subfield>
  </datafield>
  <datafield tag="952" ind1=" " ind2=" ">
    <subfield code="0">0</subfield>
    <subfield code="1">0</subfield>
    <subfield code="2">ddc</subfield>
    <subfield code="4">0</subfield>
    <subfield code="5">6</subfield>
    <subfield code="7">0</subfield>
    <subfield code="8">SE</subfield>
    <subfield code="a">BNPHU</subfield>
    <subfield code="b">BNPHU</subfield>
    <subfield code="c">RE</subfield>
    <subfield code="d">2026-04-29</subfield>
    <subfield code="h">A&#xF1;o 6, No. 16 (septiembre-diciembre 1988)</subfield>
    <subfield code="l">0</subfield>
    <subfield code="p">2026-3432</subfield>
    <subfield code="r">2026-04-29</subfield>
    <subfield code="t">e.3</subfield>
    <subfield code="w">2026-04-29</subfield>
    <subfield code="y">ISSUE</subfield>
  </datafield>
  <datafield tag="952" ind1=" " ind2=" ">
    <subfield code="0">0</subfield>
    <subfield code="1">0</subfield>
    <subfield code="2">ddc</subfield>
    <subfield code="4">0</subfield>
    <subfield code="5">6</subfield>
    <subfield code="7">0</subfield>
    <subfield code="8">SE</subfield>
    <subfield code="a">BNPHU</subfield>
    <subfield code="b">BNPHU</subfield>
    <subfield code="c">RE</subfield>
    <subfield code="d">2026-04-29</subfield>
    <subfield code="h">A&#xF1;o 6, No. 16 (septiembre-diciembre 1988)</subfield>
    <subfield code="l">0</subfield>
    <subfield code="p">2026-3433</subfield>
    <subfield code="r">2026-04-29</subfield>
    <subfield code="t">e.4</subfield>
    <subfield code="w">2026-04-29</subfield>
    <subfield code="y">ISSUE</subfield>
  </datafield>
  <datafield tag="952" ind1=" " ind2=" ">
    <subfield code="0">0</subfield>
    <subfield code="1">0</subfield>
    <subfield code="2">ddc</subfield>
    <subfield code="4">0</subfield>
    <subfield code="5">6</subfield>
    <subfield code="7">0</subfield>
    <subfield code="8">SE</subfield>
    <subfield code="a">BNPHU</subfield>
    <subfield code="b">BNPHU</subfield>
    <subfield code="c">RE</subfield>
    <subfield code="d">2026-04-29</subfield>
    <subfield code="h">A&#xF1;o 6, No. 16 (septiembre-diciembre 1988)</subfield>
    <subfield code="l">0</subfield>
    <subfield code="p">2026-3434</subfield>
    <subfield code="r">2026-04-29</subfield>
    <subfield code="t">e.5</subfield>
    <subfield code="w">2026-04-29</subfield>
    <subfield code="y">ISSUE</subfield>
  </datafield>
  <datafield tag="952" ind1=" " ind2=" ">
    <subfield code="0">0</subfield>
    <subfield code="1">0</subfield>
    <subfield code="2">ddc</subfield>
    <subfield code="4">0</subfield>
    <subfield code="5">6</subfield>
    <subfield code="7">0</subfield>
    <subfield code="8">SE</subfield>
    <subfield code="a">BNPHU</subfield>
    <subfield code="b">BNPHU</subfield>
    <subfield code="c">RE</subfield>
    <subfield code="d">2026-04-29</subfield>
    <subfield code="h">A&#xF1;o 6, No. 17 (enero-abril 1989)</subfield>
    <subfield code="l">0</subfield>
    <subfield code="p">2026-3435</subfield>
    <subfield code="r">2026-04-29</subfield>
    <subfield code="t">e.1</subfield>
    <subfield code="w">2026-04-29</subfield>
    <subfield code="y">ISSUE</subfield>
  </datafield>
  <datafield tag="952" ind1=" " ind2=" ">
    <subfield code="0">0</subfield>
    <subfield code="1">0</subfield>
    <subfield code="2">ddc</subfield>
    <subfield code="4">0</subfield>
    <subfield code="5">6</subfield>
    <subfield code="7">0</subfield>
    <subfield code="8">SE</subfield>
    <subfield code="a">BNPHU</subfield>
    <subfield code="b">BNPHU</subfield>
    <subfield code="c">RE</subfield>
    <subfield code="d">2026-04-29</subfield>
    <subfield code="h">A&#xF1;o 6, No. 17 (enero-abril 1989)</subfield>
    <subfield code="l">0</subfield>
    <subfield code="p">2026-3436</subfield>
    <subfield code="r">2026-04-29</subfield>
    <subfield code="t">e.2</subfield>
    <subfield code="w">2026-04-29</subfield>
    <subfield code="y">ISSUE</subfield>
  </datafield>
  <datafield tag="952" ind1=" " ind2=" ">
    <subfield code="0">0</subfield>
    <subfield code="1">0</subfield>
    <subfield code="2">ddc</subfield>
    <subfield code="4">0</subfield>
    <subfield code="5">6</subfield>
    <subfield code="7">0</subfield>
    <subfield code="8">SE</subfield>
    <subfield code="a">BNPHU</subfield>
    <subfield code="b">BNPHU</subfield>
    <subfield code="c">RE</subfield>
    <subfield code="d">2026-04-29</subfield>
    <subfield code="h">A&#xF1;o 6, No. 17 (enero-abril 1989)</subfield>
    <subfield code="l">0</subfield>
    <subfield code="p">2026-3437</subfield>
    <subfield code="r">2026-04-29</subfield>
    <subfield code="t">e.3</subfield>
    <subfield code="w">2026-04-29</subfield>
    <subfield code="y">ISSUE</subfield>
  </datafield>
  <datafield tag="952" ind1=" " ind2=" ">
    <subfield code="0">0</subfield>
    <subfield code="1">0</subfield>
    <subfield code="2">ddc</subfield>
    <subfield code="4">0</subfield>
    <subfield code="5">6</subfield>
    <subfield code="7">0</subfield>
    <subfield code="8">SE</subfield>
    <subfield code="a">BNPHU</subfield>
    <subfield code="b">BNPHU</subfield>
    <subfield code="c">RE</subfield>
    <subfield code="d">2026-04-29</subfield>
    <subfield code="h">A&#xF1;o 6, No. 17 (enero-abril 1989)</subfield>
    <subfield code="l">0</subfield>
    <subfield code="p">2026-3438</subfield>
    <subfield code="r">2026-04-29</subfield>
    <subfield code="t">e.4</subfield>
    <subfield code="w">2026-04-29</subfield>
    <subfield code="y">ISSUE</subfield>
  </datafield>
  <datafield tag="952" ind1=" " ind2=" ">
    <subfield code="0">0</subfield>
    <subfield code="1">0</subfield>
    <subfield code="2">ddc</subfield>
    <subfield code="4">0</subfield>
    <subfield code="5">6</subfield>
    <subfield code="7">0</subfield>
    <subfield code="8">SE</subfield>
    <subfield code="a">BNPHU</subfield>
    <subfield code="b">BNPHU</subfield>
    <subfield code="c">RE</subfield>
    <subfield code="d">2026-04-29</subfield>
    <subfield code="h">A&#xF1;o 6, No. 18 (mayo-agosto 1989)</subfield>
    <subfield code="l">0</subfield>
    <subfield code="p">2026-3439</subfield>
    <subfield code="r">2026-04-29</subfield>
    <subfield code="t">e.1</subfield>
    <subfield code="w">2026-04-29</subfield>
    <subfield code="y">ISSUE</subfield>
  </datafield>
  <datafield tag="952" ind1=" " ind2=" ">
    <subfield code="0">0</subfield>
    <subfield code="1">0</subfield>
    <subfield code="2">ddc</subfield>
    <subfield code="4">0</subfield>
    <subfield code="5">6</subfield>
    <subfield code="7">0</subfield>
    <subfield code="8">SE</subfield>
    <subfield code="a">BNPHU</subfield>
    <subfield code="b">BNPHU</subfield>
    <subfield code="c">RE</subfield>
    <subfield code="d">2026-04-29</subfield>
    <subfield code="h">A&#xF1;o 6, No. 18 (mayo-agosto 1989)</subfield>
    <subfield code="l">0</subfield>
    <subfield code="p">2026-3440</subfield>
    <subfield code="r">2026-04-29</subfield>
    <subfield code="t">e.2</subfield>
    <subfield code="w">2026-04-29</subfield>
    <subfield code="y">ISSUE</subfield>
  </datafield>
  <datafield tag="952" ind1=" " ind2=" ">
    <subfield code="0">0</subfield>
    <subfield code="1">0</subfield>
    <subfield code="2">ddc</subfield>
    <subfield code="4">0</subfield>
    <subfield code="5">6</subfield>
    <subfield code="7">0</subfield>
    <subfield code="8">SE</subfield>
    <subfield code="a">BNPHU</subfield>
    <subfield code="b">BNPHU</subfield>
    <subfield code="c">RE</subfield>
    <subfield code="d">2026-04-29</subfield>
    <subfield code="h">A&#xF1;o 6, No. 18 (mayo-agosto 1989)</subfield>
    <subfield code="l">0</subfield>
    <subfield code="p">2026-3441</subfield>
    <subfield code="r">2026-04-29</subfield>
    <subfield code="t">e.3</subfield>
    <subfield code="w">2026-04-29</subfield>
    <subfield code="y">ISSUE</subfield>
  </datafield>
  <datafield tag="952" ind1=" " ind2=" ">
    <subfield code="0">0</subfield>
    <subfield code="1">0</subfield>
    <subfield code="2">ddc</subfield>
    <subfield code="4">0</subfield>
    <subfield code="5">6</subfield>
    <subfield code="7">0</subfield>
    <subfield code="8">SE</subfield>
    <subfield code="a">BNPHU</subfield>
    <subfield code="b">BNPHU</subfield>
    <subfield code="c">RE</subfield>
    <subfield code="d">2026-04-29</subfield>
    <subfield code="h">A&#xF1;o 7, No. 19 (septiembre-diciembre 1989)</subfield>
    <subfield code="l">0</subfield>
    <subfield code="p">2026-3442</subfield>
    <subfield code="r">2026-04-29</subfield>
    <subfield code="t">e.1</subfield>
    <subfield code="w">2026-04-29</subfield>
    <subfield code="y">ISSUE</subfield>
  </datafield>
  <datafield tag="952" ind1=" " ind2=" ">
    <subfield code="0">0</subfield>
    <subfield code="1">0</subfield>
    <subfield code="2">ddc</subfield>
    <subfield code="4">0</subfield>
    <subfield code="5">6</subfield>
    <subfield code="7">0</subfield>
    <subfield code="8">SE</subfield>
    <subfield code="a">BNPHU</subfield>
    <subfield code="b">BNPHU</subfield>
    <subfield code="c">RE</subfield>
    <subfield code="d">2026-04-29</subfield>
    <subfield code="h">A&#xF1;o 7, No. 19 (septiembre-diciembre 1989)</subfield>
    <subfield code="l">0</subfield>
    <subfield code="p">2026-3443</subfield>
    <subfield code="r">2026-04-29</subfield>
    <subfield code="t">e.2</subfield>
    <subfield code="w">2026-04-29</subfield>
    <subfield code="y">ISSUE</subfield>
  </datafield>
  <datafield tag="952" ind1=" " ind2=" ">
    <subfield code="0">0</subfield>
    <subfield code="1">0</subfield>
    <subfield code="2">ddc</subfield>
    <subfield code="4">0</subfield>
    <subfield code="5">6</subfield>
    <subfield code="7">0</subfield>
    <subfield code="8">SE</subfield>
    <subfield code="a">BNPHU</subfield>
    <subfield code="b">BNPHU</subfield>
    <subfield code="c">RE</subfield>
    <subfield code="d">2026-04-29</subfield>
    <subfield code="h">A&#xF1;o 7, No. 19 (septiembre-diciembre 1989)</subfield>
    <subfield code="l">0</subfield>
    <subfield code="p">2026-3444</subfield>
    <subfield code="r">2026-04-29</subfield>
    <subfield code="t">e.3</subfield>
    <subfield code="w">2026-04-29</subfield>
    <subfield code="y">ISSUE</subfield>
  </datafield>
  <datafield tag="952" ind1=" " ind2=" ">
    <subfield code="0">0</subfield>
    <subfield code="1">0</subfield>
    <subfield code="2">ddc</subfield>
    <subfield code="4">0</subfield>
    <subfield code="5">6</subfield>
    <subfield code="7">0</subfield>
    <subfield code="8">SE</subfield>
    <subfield code="a">BNPHU</subfield>
    <subfield code="b">BNPHU</subfield>
    <subfield code="c">RE</subfield>
    <subfield code="d">2026-04-29</subfield>
    <subfield code="h">A&#xF1;o 7, No. 19 (septiembre-diciembre 1989)</subfield>
    <subfield code="l">0</subfield>
    <subfield code="p">2026-3445</subfield>
    <subfield code="r">2026-04-29</subfield>
    <subfield code="t">e.4</subfield>
    <subfield code="w">2026-04-29</subfield>
    <subfield code="y">ISSUE</subfield>
  </datafield>
  <datafield tag="952" ind1=" " ind2=" ">
    <subfield code="0">0</subfield>
    <subfield code="1">0</subfield>
    <subfield code="2">ddc</subfield>
    <subfield code="4">0</subfield>
    <subfield code="5">6</subfield>
    <subfield code="7">0</subfield>
    <subfield code="8">SE</subfield>
    <subfield code="a">BNPHU</subfield>
    <subfield code="b">BNPHU</subfield>
    <subfield code="c">RE</subfield>
    <subfield code="d">2026-04-29</subfield>
    <subfield code="h">A&#xF1;o 7, No. 20 (enero-abril 1990)</subfield>
    <subfield code="l">0</subfield>
    <subfield code="p">2026-3446</subfield>
    <subfield code="r">2026-04-29</subfield>
    <subfield code="t">e.1</subfield>
    <subfield code="w">2026-04-29</subfield>
    <subfield code="y">ISSUE</subfield>
  </datafield>
  <datafield tag="952" ind1=" " ind2=" ">
    <subfield code="0">0</subfield>
    <subfield code="1">0</subfield>
    <subfield code="2">ddc</subfield>
    <subfield code="4">0</subfield>
    <subfield code="5">6</subfield>
    <subfield code="7">0</subfield>
    <subfield code="8">SE</subfield>
    <subfield code="a">BNPHU</subfield>
    <subfield code="b">BNPHU</subfield>
    <subfield code="c">RE</subfield>
    <subfield code="d">2026-04-29</subfield>
    <subfield code="h">A&#xF1;o 7, No. 20 (enero-abril 1990)</subfield>
    <subfield code="l">0</subfield>
    <subfield code="p">2026-3447</subfield>
    <subfield code="r">2026-04-29</subfield>
    <subfield code="t">e.2</subfield>
    <subfield code="w">2026-04-29</subfield>
    <subfield code="y">ISSUE</subfield>
  </datafield>
  <datafield tag="952" ind1=" " ind2=" ">
    <subfield code="0">0</subfield>
    <subfield code="1">0</subfield>
    <subfield code="2">ddc</subfield>
    <subfield code="4">0</subfield>
    <subfield code="5">6</subfield>
    <subfield code="7">0</subfield>
    <subfield code="8">SE</subfield>
    <subfield code="a">BNPHU</subfield>
    <subfield code="b">BNPHU</subfield>
    <subfield code="c">RE</subfield>
    <subfield code="d">2026-04-29</subfield>
    <subfield code="h">A&#xF1;o 7, No. 20 (enero-abril 1990)</subfield>
    <subfield code="l">0</subfield>
    <subfield code="p">2026-3448</subfield>
    <subfield code="r">2026-04-29</subfield>
    <subfield code="t">e.3</subfield>
    <subfield code="w">2026-04-29</subfield>
    <subfield code="y">ISSUE</subfield>
  </datafield>
  <datafield tag="952" ind1=" " ind2=" ">
    <subfield code="0">0</subfield>
    <subfield code="1">0</subfield>
    <subfield code="2">ddc</subfield>
    <subfield code="4">0</subfield>
    <subfield code="5">6</subfield>
    <subfield code="7">0</subfield>
    <subfield code="8">SE</subfield>
    <subfield code="a">BNPHU</subfield>
    <subfield code="b">BNPHU</subfield>
    <subfield code="c">RE</subfield>
    <subfield code="d">2026-04-29</subfield>
    <subfield code="h">A&#xF1;o 7, No. 21 (septiembre-diciembre 1993)</subfield>
    <subfield code="l">0</subfield>
    <subfield code="p">2026-3449</subfield>
    <subfield code="r">2026-04-29</subfield>
    <subfield code="t">e.1</subfield>
    <subfield code="w">2026-04-29</subfield>
    <subfield code="y">ISSUE</subfield>
  </datafield>
  <datafield tag="952" ind1=" " ind2=" ">
    <subfield code="0">0</subfield>
    <subfield code="1">0</subfield>
    <subfield code="2">ddc</subfield>
    <subfield code="4">0</subfield>
    <subfield code="5">6</subfield>
    <subfield code="7">0</subfield>
    <subfield code="8">SE</subfield>
    <subfield code="a">BNPHU</subfield>
    <subfield code="b">BNPHU</subfield>
    <subfield code="c">RE</subfield>
    <subfield code="d">2026-04-29</subfield>
    <subfield code="h">A&#xF1;o 8, No. 22 (enero-abril 1994)</subfield>
    <subfield code="l">0</subfield>
    <subfield code="p">2026-3450</subfield>
    <subfield code="r">2026-04-29</subfield>
    <subfield code="t">e.1</subfield>
    <subfield code="w">2026-04-29</subfield>
    <subfield code="y">ISSUE</subfield>
  </datafield>
  <datafield tag="952" ind1=" " ind2=" ">
    <subfield code="0">0</subfield>
    <subfield code="1">0</subfield>
    <subfield code="2">ddc</subfield>
    <subfield code="4">0</subfield>
    <subfield code="5">6</subfield>
    <subfield code="7">0</subfield>
    <subfield code="8">SE</subfield>
    <subfield code="a">BNPHU</subfield>
    <subfield code="b">BNPHU</subfield>
    <subfield code="c">RE</subfield>
    <subfield code="d">2026-04-29</subfield>
    <subfield code="h">A&#xF1;o 9, No. 25-26 (enero-abril 1995 mayo-agosto 1996)</subfield>
    <subfield code="l">0</subfield>
    <subfield code="p">2026-3451</subfield>
    <subfield code="r">2026-04-29</subfield>
    <subfield code="t">e.1</subfield>
    <subfield code="w">2026-04-29</subfield>
    <subfield code="y">ISSUE</subfield>
  </datafield>
  <datafield tag="952" ind1=" " ind2=" ">
    <subfield code="0">0</subfield>
    <subfield code="1">0</subfield>
    <subfield code="2">ddc</subfield>
    <subfield code="4">0</subfield>
    <subfield code="5">6</subfield>
    <subfield code="7">0</subfield>
    <subfield code="8">SE</subfield>
    <subfield code="a">BNPHU</subfield>
    <subfield code="b">BNPHU</subfield>
    <subfield code="c">RE</subfield>
    <subfield code="d">2026-04-29</subfield>
    <subfield code="h">A&#xF1;o 9, No. 25-26 (enero-abril 1995 mayo-agosto 1996)</subfield>
    <subfield code="l">0</subfield>
    <subfield code="p">2026-3452</subfield>
    <subfield code="r">2026-04-29</subfield>
    <subfield code="t">e.2</subfield>
    <subfield code="w">2026-04-29</subfield>
    <subfield code="y">ISSUE</subfield>
  </datafield>
  <datafield tag="952" ind1=" " ind2=" ">
    <subfield code="0">0</subfield>
    <subfield code="1">0</subfield>
    <subfield code="2">ddc</subfield>
    <subfield code="4">0</subfield>
    <subfield code="5">6</subfield>
    <subfield code="7">0</subfield>
    <subfield code="8">SE</subfield>
    <subfield code="a">BNPHU</subfield>
    <subfield code="b">BNPHU</subfield>
    <subfield code="c">RE</subfield>
    <subfield code="d">2026-04-29</subfield>
    <subfield code="h">A&#xF1;o 9, No. 27-28 (sept 1996  A  sept 2000)</subfield>
    <subfield code="l">0</subfield>
    <subfield code="p">2026-3453</subfield>
    <subfield code="r">2026-04-29</subfield>
    <subfield code="t">e.1</subfield>
    <subfield code="w">2026-04-29</subfield>
    <subfield code="y">ISSUE</subfield>
  </datafield>
  <datafield tag="952" ind1=" " ind2=" ">
    <subfield code="0">0</subfield>
    <subfield code="1">0</subfield>
    <subfield code="2">ddc</subfield>
    <subfield code="4">0</subfield>
    <subfield code="5">6</subfield>
    <subfield code="7">0</subfield>
    <subfield code="8">SE</subfield>
    <subfield code="a">BNPHU</subfield>
    <subfield code="b">BNPHU</subfield>
    <subfield code="c">RE</subfield>
    <subfield code="d">2026-04-29</subfield>
    <subfield code="h">A&#xF1;o 9, No. 27-28 (sept 1996  A  sept 2000)</subfield>
    <subfield code="l">0</subfield>
    <subfield code="p">2026-3454</subfield>
    <subfield code="r">2026-04-29</subfield>
    <subfield code="t">e.2</subfield>
    <subfield code="w">2026-04-29</subfield>
    <subfield code="y">ISSUE</subfield>
  </datafield>
  <datafield tag="952" ind1=" " ind2=" ">
    <subfield code="0">0</subfield>
    <subfield code="1">0</subfield>
    <subfield code="2">ddc</subfield>
    <subfield code="4">0</subfield>
    <subfield code="5">6</subfield>
    <subfield code="7">0</subfield>
    <subfield code="8">SE</subfield>
    <subfield code="a">BNPHU</subfield>
    <subfield code="b">BNPHU</subfield>
    <subfield code="c">RE</subfield>
    <subfield code="d">2026-04-29</subfield>
    <subfield code="h">A&#xF1;o 9, No. 27-28 (sept 1996  A  sept 2000)</subfield>
    <subfield code="l">0</subfield>
    <subfield code="p">2026-3455</subfield>
    <subfield code="r">2026-04-29</subfield>
    <subfield code="t">e.3</subfield>
    <subfield code="w">2026-04-29</subfield>
    <subfield code="y">ISSUE</subfield>
  </datafield>
  <datafield tag="952" ind1=" " ind2=" ">
    <subfield code="0">0</subfield>
    <subfield code="1">0</subfield>
    <subfield code="2">ddc</subfield>
    <subfield code="4">0</subfield>
    <subfield code="5">6</subfield>
    <subfield code="7">0</subfield>
    <subfield code="8">SE</subfield>
    <subfield code="a">BNPHU</subfield>
    <subfield code="b">BNPHU</subfield>
    <subfield code="c">RE</subfield>
    <subfield code="d">2026-04-29</subfield>
    <subfield code="h">A&#xF1;o 9, No. 27-28 (sept 1996  A  sept 2000)</subfield>
    <subfield code="l">0</subfield>
    <subfield code="p">2026-3456</subfield>
    <subfield code="r">2026-04-29</subfield>
    <subfield code="t">e.4</subfield>
    <subfield code="w">2026-04-29</subfield>
    <subfield code="y">ISSUE</subfield>
  </datafield>
  <datafield tag="952" ind1=" " ind2=" ">
    <subfield code="0">0</subfield>
    <subfield code="1">0</subfield>
    <subfield code="2">ddc</subfield>
    <subfield code="4">0</subfield>
    <subfield code="5">6</subfield>
    <subfield code="7">0</subfield>
    <subfield code="8">SE</subfield>
    <subfield code="a">BNPHU</subfield>
    <subfield code="b">BNPHU</subfield>
    <subfield code="c">RE</subfield>
    <subfield code="d">2026-04-29</subfield>
    <subfield code="h">A&#xF1;o 9, No. 27-28 (sept 1996  A  sept 2000)</subfield>
    <subfield code="l">0</subfield>
    <subfield code="p">2026-3457</subfield>
    <subfield code="r">2026-04-29</subfield>
    <subfield code="t">e.5</subfield>
    <subfield code="w">2026-04-29</subfield>
    <subfield code="y">ISSUE</subfield>
  </datafield>
  <datafield tag="952" ind1=" " ind2=" ">
    <subfield code="0">0</subfield>
    <subfield code="1">0</subfield>
    <subfield code="2">ddc</subfield>
    <subfield code="4">0</subfield>
    <subfield code="5">6</subfield>
    <subfield code="7">0</subfield>
    <subfield code="8">SE</subfield>
    <subfield code="a">BNPHU</subfield>
    <subfield code="b">BNPHU</subfield>
    <subfield code="c">RE</subfield>
    <subfield code="d">2026-04-30</subfield>
    <subfield code="h">A&#xF1;o 6, No. 29 (enero- junio 2018)</subfield>
    <subfield code="l">0</subfield>
    <subfield code="p">2026-3486</subfield>
    <subfield code="r">2026-04-30</subfield>
    <subfield code="t">e.1</subfield>
    <subfield code="w">2026-04-30</subfield>
    <subfield code="y">ISSUE</subfield>
  </datafield>
  <datafield tag="952" ind1=" " ind2=" ">
    <subfield code="0">0</subfield>
    <subfield code="1">0</subfield>
    <subfield code="2">ddc</subfield>
    <subfield code="4">0</subfield>
    <subfield code="5">6</subfield>
    <subfield code="7">0</subfield>
    <subfield code="8">SE</subfield>
    <subfield code="a">BNPHU</subfield>
    <subfield code="b">BNPHU</subfield>
    <subfield code="c">RE</subfield>
    <subfield code="d">2026-04-30</subfield>
    <subfield code="h">A&#xF1;o 6, No. 29 (enero- junio 2018)</subfield>
    <subfield code="l">0</subfield>
    <subfield code="p">2026-3487</subfield>
    <subfield code="r">2026-04-30</subfield>
    <subfield code="t">e.2</subfield>
    <subfield code="w">2026-04-30</subfield>
    <subfield code="y">ISSUE</subfield>
  </datafield>
  <datafield tag="952" ind1=" " ind2=" ">
    <subfield code="0">0</subfield>
    <subfield code="1">0</subfield>
    <subfield code="2">ddc</subfield>
    <subfield code="4">0</subfield>
    <subfield code="5">6</subfield>
    <subfield code="7">0</subfield>
    <subfield code="8">SE</subfield>
    <subfield code="a">BNPHU</subfield>
    <subfield code="b">BNPHU</subfield>
    <subfield code="c">RE</subfield>
    <subfield code="d">2026-04-30</subfield>
    <subfield code="h">A&#xF1;o 6, No. 29 (enero- junio 2018)</subfield>
    <subfield code="l">0</subfield>
    <subfield code="p">2026-3488</subfield>
    <subfield code="r">2026-04-30</subfield>
    <subfield code="t">e.3</subfield>
    <subfield code="w">2026-04-30</subfield>
    <subfield code="y">ISSUE</subfield>
  </datafield>
  <datafield tag="999" ind1=" " ind2=" ">
    <subfield code="c">60632</subfield>
    <subfield code="d">60632</subfield>
  </datafield>
</record>
